[Event "6th Karoun Masters Cup 2019"]
[Site "Ahvaz"]
[Date "2019.02.23"]
[Round "4.5"]
[White "Babaniya, Benyamin"]
[Black "Grigoryan, Karen H."]
[Result "0-1"]
[WhiteElo "2184"]
[BlackElo "2590"]
[Annotator "ChessBase"]
[PlyCount "102"]
[EventDate "2019.02.21"]
[EventType "swiss"]
[EventRounds "9"]
[EventCountry "IRI"]
[SourceTitle "playchess.com"]
[Source "ChessBase"]
[SourceQuality "1"]
[TimeControl "5400+30"]

1. e4 {[%emt 0:03:44]} c5 {[%emt 0:03:12]} 2. Nf3 {[%emt 0:00:07]} Nc6 {[%emt 0:00:52]} 3. d4 {[%emt 0:00:47]} cxd4 {[%emt 0:00:08]} 4. Nxd4 {[%emt 0:00:03]} e6 {[%emt 0:00:07]} 5. Nc3 {[%emt 0:04:31]} Qc7 {[%emt 0:00:09]} 6. Be3 {[%emt 0:00:31]} Nf6 {[%emt 0:00:41]} 7. Qf3 {[%emt 0:01:24]} a6 {[%emt 0:06:43]} 8. O-O-O {[%emt 0:00:51]} Nxd4 {[%emt 0:02:55]} 9. Bxd4 {[%emt 0:03:02]} Bd6 {[%emt 0:00:20]} 10. Kb1 {[%emt 0:03:11]} e5 {[%emt 0:12:25]} 11. Be3 {[%emt 0:01:24]} Bb4 {[%emt 0:01:04]} 12. Bh6 {[%emt 0:09:26]} O-O {[%emt 0:09:56]} 13. Bxg7 {[%emt 0:03:24]} Kxg7 {[%emt 0:00:11]} 14. Qxf6+ {[%emt 0:00:09]} Kxf6 {[%emt 0:00:04]} 15. Nd5+ {[%emt 0:00:04]} Kg7 {[%emt 0:00:06]} 16. Nxc7 {[%emt 0:00:04]} Rb8 {[%emt 0:00:10]} 17. Nd5 {[%emt 0:09:16]} Bc5 {[%emt 0:00:08]} 18. f3 {[%emt 0:03:04]} b5 {[%emt 0:00:10]} 19. g4 {[%emt 0:02:14]} Bb7 {[%emt 0:01:20]} 20. Nc3 {[%emt 0:00:54]} Rfd8 {[%emt 0:00:25]} 21. Bg2 {[%emt 0:03:40]} b4 {[%emt 0:00:42]} 22. Nd5 {[%emt 0:01:13]} d6 {[%emt 0:05:34]} 23. g5 {[%emt 0:02:53]} Bxd5 {[%emt 0:02:06]} 24. Rxd5 {[%emt 0:00:31]} h6 {[%emt 0:01:45]} 25. gxh6+ {[%emt 0:07:45]} Kxh6 {[%emt 0:00:07]} 26. Bh3 {[%emt 0:00:33]} Kg5 {[%emt 0:00:05]} 27. Bg4 {[%emt 0:00:12]} Rh8 {[%emt 0:00:04]} 28. h3 {[%emt 0:00:14]} a5 {[%emt 0:00:24]} 29. Rhd1 {[%emt 0:03:24]} a4 {[%emt 0:00:27]} 30. R1d3 {[%emt 0:03:55]} Kf4 {[%emt 0:00:11]} 31. Kc1 {[%emt 0:01:26]} Rh6 {[%emt 0:01:53]} 32. Kd1 {[%emt 0:00:30]} Rbh8 {[%emt 0:00:30]} 33. Ke2 {[%emt 0:00:30]} Rxh3 {[%emt 0:00:30]} 34. Bxh3 {[%emt 0:00:30]} Rxh3 {[%emt 0:00:30]} 35. a3 {[%emt 0:08:20]} bxa3 {[%emt 0:00:00]} 36. bxa3 {[%emt 0:00:01]} Rh2+ {[%emt 0:00:00]} 37. Kd1 {[%emt 0:01:59]} Rf2 {[%emt 0:00:13]} 38. Rc3 {[%emt 0:09:52]} Rxf3 {[%emt 0:00:52]} 39. Rdd3 {[%emt 0:00:08]} Rf2 {[%emt 0:02:09]} 40. Ke1 {[%emt 0:00:16]} Rh2 {[%emt 0:00:29]} 41. Rf3+ {[%emt 0:01:19]} Kxe4 {[%emt 0:00:09]} 42. Rxf7 {[%emt 0:00:08]} Bd4 {[%emt 0:00:16]} 43. Rc6 {[%emt 0:02:41]} Ke3 {[%emt 0:00:38]} 44. Kf1 {[%emt 0:00:47]} Bc5 {[%emt 0:00:08]} 45. Rd7 {[%emt 0:01:30]} Rxc2 {[%emt 0:01:59]} 46. Ra6 {[%emt 0:03:28]} Rc1+ {[%emt 0:00:33]} 47. Kg2 {[%emt 0:00:01]} Rc4 {[%emt 0:00:07]} 48. Rd8 {[%emt 0:00:41]} e4 {[%emt 0:00:35]} 49. Rda8 {[%emt 0:00:27]} Kd2 {[%emt 0:00:10]} 50. Rxa4 {[%emt 0:01:25]} Rxa4 {[%emt 0:00:42]} 51. Rxa4 {[%emt 0:00:06]} e3 {[%emt 0:00:19]} 0-1

[Event "6th Karoun Masters Cup 2019"]
[Site "Ahvaz"]
[Date "2019.02.23"]
[Round "4.6"]
[White "Razaghi, Behrooz"]
[Black "Sibashvili, Giorgi"]
[Result "1/2-1/2"]
[WhiteElo "2156"]
[BlackElo "2420"]
[Annotator "NA"]
[PlyCount "77"]
[EventDate "2019.02.21"]
[EventType "swiss"]
[EventRounds "9"]
[EventCountry "IRI"]
[SourceTitle "playchess.com"]
[Source "ChessBase"]
[SourceQuality "1"]
[TimeControl "5400+30"]

1. e4 {[%emt 0:04:58]} e6 {[%emt 0:00:00]} 2. d4 {[%emt 0:00:06]} d5 {[%emt 0:00:00]} 3. Nc3 {[%emt 0:00:04]} Bb4 {[%emt 0:00:15]} 4. e5 {[%emt 0:00:06]} c5 {[%emt 0:00:05]} 5. a3 {[%emt 0:00:04]} Bxc3+ {[%emt 0:00:05]} 6. bxc3 {[%emt 0:00:04]} Ne7 {[%emt 0:00:38]} 7. Qg4 {[%emt 0:00:08]} Qc7 {[%emt 0:00:14]} 8. Qxg7 {[%emt 0:00:15]} Rg8 {[%emt 0:00:05]} 9. Qxh7 {[%emt 0:00:07]} cxd4 {[%emt 0:00:08]} 10. Qd3 {[%emt 0:01:57]} Qxe5+ {[%emt 0:08:22]} 11. Ne2 {[%emt 0:00:25]} dxc3 {[%emt 0:00:41]} 12. Qxc3 {[%emt 0:00:08]} Nbc6 {[%emt 0:10:36]} 13. Qxe5 {[%emt 0:09:01]} Nxe5 {[%emt 0:00:07]} 14. Nd4 {[%emt 0:07:26]} a6 {[%emt 0:04:04]} 15. Bb2 {[%emt 0:05:17]} Nc4 {[%emt 0:01:10]} 16. Bxc4 {[%emt 0:03:54]} dxc4 {[%emt 0:00:48]} 17. h4 {[%emt 0:07:44]} e5 {[%emt 0:04:01]} 18. Ne2 {[%emt 0:00:47]} f6 {[%emt 0:01:51]} 19. Rh2 {[%emt 0:18:56]} Nd5 {[%emt 0:15:43]} 20. Rd1 {[%emt 0:09:24]} Be6 {[%emt 0:00:50]} 21. Nc3 {[%emt 0:00:28]} Nxc3 {[%emt 0:05:23]} 22. Bxc3 {[%emt 0:00:06]} Kf7 {[%emt 0:00:45]} 23. f3 {[%emt 0:03:04]} Rae8 {[%emt 0:08:26]} 24. Kf2 {[%emt 0:02:54]} Bf5 {[%emt 0:01:51]} 25. Rd2 {[%emt 0:00:49]} Rd8 {[%emt 0:05:14]} 26. Ke3 {[%emt 0:02:16]} Rxd2 {[%emt 0:01:12]} 27. Kxd2 {[%emt 0:02:00]} Rg3 {[%emt 0:05:30]} 28. Kc1 {[%emt 0:01:23]} e4 {[%emt 0:02:25]} 29. Be1 {[%emt 0:00:21]} Rg8 {[%emt 0:00:58]} 30. fxe4 {[%emt 0:00:33]} Bxe4 {[%emt 0:01:07]} 31. g3 {[%emt 0:00:06]} f5 {[%emt 0:05:06]} 32. h5 {[%emt 0:02:28]} Kg7 {[%emt 0:02:43]} 33. Bd2 {[%emt 0:01:35]} Kh7 {[%emt 0:01:27]} 34. Bf4 {[%emt 0:00:26]} Rd8 {[%emt 0:03:44]} 35. Rd2 {[%emt 0:01:39]} Rxd2 {[%emt 0:00:16]} 36. Kxd2 {[%emt 0:00:06]} Bf3 {[%emt 0:00:52]} 37. h6 {[%emt 0:00:15]} Be4 {[%emt 0:00:59]} 38. c3 {[%emt 0:00:22]} Kg6 {[%emt 0:01:00]} 39. Ke3 {[%emt 0:01:41]} 1/2-1/2

[Event "6th Karoun Masters Cup 2019"]
[Site "Ahvaz"]
[Date "2019.02.24"]
[Round "5.1"]
[White "Mosadeghpour, Masoud"]
[Black "Lorparizangeneh, Shahin"]
[Result "1/2-1/2"]
[WhiteElo "2531"]
[BlackElo "2493"]
[Annotator "TA"]
[PlyCount "51"]
[EventDate "2019.02.21"]
[EventType "swiss"]
[EventRounds "9"]
[EventCountry "IRI"]
[SourceTitle "playchess.com"]
[Source "ChessBase"]
[SourceQuality "1"]

{[%evp 13,51,15,22,18,16,26,14,16,24,39,37,25,37,22,21,16,27,15,41,38,37,37,37,31,48,28,22,24,39,8,6,16,8,-30,-33,-60,-63,-84,0,0]} 1. e4 e5 2. Nf3 Nf6 3. Nxe5 d6 4. Nf3 Nxe4 5. Nc3 Nxc3 6. dxc3 Be7 7. Be3 O-O 8. Qd2 {C42: Petroff Defence: 3 Nxe5 and unusual White 3rd moves} Nd7 9. O-O-O Nf6 (9... c6 10. Kb1 d5 11. Bd3 Nc5 12. h4 Nxd3 13. Qxd3 Qd6 14. c4 Rd8 15. cxd5 Qxd5 16. Qxd5 cxd5 17. Nd4 Bd7 18. Nb3 Bf5 19. Nd4 Bd7 20. Nb3 Bf5 21. Nd4 {½-½ (21) Aronian,L (2765)-Caruana,F (2832) London 2018}) 10. Bd3 c5 11. Rhe1 Be6 12. Kb1 Qa5 13. c4 Qxd2 14. Bxd2 {Ng5 is the strong threat.} h6 15. h3 d5 {[#]} 16. cxd5 $146 Nxd5 17. c4 Nf6 {[%cal Bd5f6,Bf6d7,Bd7b8,Bb8c6][%mdl 32]} 18. Ne5 Rad8 19. f4 Bd6 20. Kc2 Bc8 21. g4 h5 {[%cal Rh5g4]} 22. g5 Nd7 23. Nf3 Nb8 24. f5 Nc6 25. a3 g6 (25... Bg3 $17 26. Rg1 Rxd3 {[%mdl 64] Remove Defender} 27. Kxd3 Bxf5+ 28. Kc3 Bb8) 26. Bc3 {Accuracy: White = 53%, Black = 56%.} 1/2-1/2

[Event "6th Karoun Masters Cup 2019"]
[Site "Ahvaz"]
[Date "2019.02.24"]
[Round "5.2"]
[White "Grigoryan, Karen H."]
[Black "Li, Bo"]
[Result "1-0"]
[WhiteElo "2590"]
[BlackElo "2325"]
[Annotator "TA"]
[PlyCount "115"]
[EventDate "2019.02.21"]
[EventType "swiss"]
[EventRounds "9"]
[EventCountry "IRI"]
[SourceTitle "playchess.com"]
[Source "ChessBase"]
[SourceQuality "1"]

{[%evp 18,115,5,-16,12,9,-16,2,2,-23,-8,-8,-19,-40,22,-68,4,7,3,3,0,13,54,0,75,70,64,73,97,57,63,58,54,62,62,39,33,0,48,43,46,46,54,21,70,60,73,80,86,95,106,103,89,56,102,16,107,108,144,87,143,79,146,111,106,96,130,55,145,131,195,150,149,158,158,133,400,385,958,958,964,952,6041,5716,4686,4590,29991,29992,29992,29992,29992,29993,29993,29994,29994,29995,29995,29996,29998,29999]} 1. e4 c5 2. Nf3 d6 3. d4 cxd4 4. Nxd4 Nf6 5. Nc3 a6 6. h3 e5 7. Nde2 h5 {B90: Sicilian Najdorf: Unusual White 6th moves, 6 Be3 Ng4 and 6 Be3 e5} 8. Bg5 (8. Nd5 Nxd5 9. Qxd5 Nc6 10. Qd1 Be6 11. Nc3 Rc8 12. Be3 Ne7 13. Be2 d5 14. exd5 Nxd5 15. Nxd5 Qxd5 {½-½ (26) Wang,H (2730)-Giri,A (2783) St Petersburg 2018}) 8... Be6 9. f4 Nbd7 10. Qd2 {LiveBook: 6 Games} Qa5 11. f5 Bc4 12. Nc1 $146 ({Predecessor:} 12. Ng3 Bxf1 13. Nxf1 Rc8 14. Bxf6 Nxf6 15. Ne3 {½-½ (39) Klim,K (2336)-Sadzikowski,D (2433) Wroclaw 2012}) 12... d5 13. Nxd5 Qxd2+ 14. Bxd2 Bxd5 15. exd5 Nxd5 (15... Rc8 $15 16. c3 Nc5) 16. Nd3 (16. Nb3 $11) 16... e4 (16... Ne7 $1 $15 17. Be2 Nxf5) 17. Nf4 $11 Ne7 18. O-O-O Nxf5 19. Bc4 $1 Nf6 20. Rhe1 ({Better is} 20. Nd5 $14 Nxd5 21. Bxd5) 20... Bc5 (20... Rd8 $11 {keeps the balance.}) 21. Nd5 $16 Nxd5 22. Bxd5 Nd6 23. b4 {[%mdl 1024] White has strong compensation.} Bf2 24. Re2 Bg3 $1 25. c4 {Threatens to win with c5.} Rc8 26. c5 {And now Kb1 would win.} b6 $1 {[%cal Rb6c5]} 27. c6 O-O 28. Be3 b5 29. Bc5 Rfe8 30. Rf1 {Black must now prevent Bxd6.} Rc7 31. Kc2 $36 {[%mdl 2048] White is more active.} Be5 32. Kb3 Rec8 33. Rd1 ({Inferior is} 33. Bxe4 Nxe4 34. Rxe4 f6 $17) 33... Re8 34. Bxd6 Bxd6 35. Bxe4 Bf4 36. Rd4 (36. Bf5 $16 {[%cal Re2e8]} Ra8 37. Rd4) 36... Bg3 (36... Rce7 $11) 37. Bf5 {[%cal Re2e8]} Kf8 38. Rxe8+ Kxe8 {[%mdl 4096] Endgame [#] KRB-KRB} 39. Bd7+ ({White should play} 39. a4 $1) 39... Ke7 (39... Kd8 $142) 40. Re4+ Kd6 41. a4 Be5 {[#]} 42. Re2 (42. axb5 $1 $16 axb5 43. Re2) 42... Ra7 ({Black should try} 42... bxa4+ $1 $14 43. Kxa4 Ra7) 43. Rd2+ Ke7 (43... Kc7 $16) 44. axb5 axb5 45. Rd5 f6 46. Rxb5 Ra1 $2 {[%mdl 8192]} (46... h4 $16 {was necessary.} 47. Bf5 Kd6) 47. Rb7 $18 g5 $2 (47... Kd6 48. Be8 Ra8) 48. Bf5+ Kd8 49. Rd7+ Kc8 50. Ra7+ Kb8 {[#]} 51. c7+ $1 {[%mdl 512]} Kxa7 (51... Bxc7 52. Rxa1) 52. c8=Q {White mates.} Re1 53. Ka4 Kb6 54. Qc5+ Kb7 55. Bc8+ Kb8 56. Ba6 Ra1+ 57. Kb5 h4 58. Qb6+ {Precision: White = 54%, Black = 21%.} 1-0

[Event "6th Karoun Masters Cup 2019"]
[Site "Ahvaz"]
[Date "2019.02.24"]
[Round "5.3"]
[White "Khademi, Mohammad Miran"]
[Black "Bernadskiy, Vitaliy"]
[Result "0-1"]
[WhiteElo "2298"]
[BlackElo "2570"]
[Annotator "TA"]
[PlyCount "74"]
[EventDate "2019.02.21"]
[EventType "swiss"]
[EventRounds "9"]
[EventCountry "IRI"]
[SourceTitle "playchess.com"]
[Source "ChessBase"]
[SourceQuality "1"]

{[%evp 9,74,-27,-23,-34,-9,-44,-46,-60,-50,-66,-55,-62,-48,-48,-48,-53,-46,-78,-37,-45,-58,-52,-58,-72,-19,-22,-10,-8,-17,0,0,-45,-48,-51,0,-105,-95,-89,-96,-105,-97,-89,-79,-108,-110,-117,-116,-220,-209,-238,-218,-227,-215,-218,-193,-183,-142,-154,-135,-142,-143,-248,-248,-29995,-191,-29996,-29997]} 1. d4 d5 2. Bg5 c6 3. c3 Nf6 4. Bxf6 (4. Nd2 Bf5 5. e3 Nbd7 6. Be2 h6 7. Bf4 e6 8. g4 Bg6 9. f3 c5 10. h4 Qb6 11. Qc1 Bd6 12. Bxd6 Qxd6 {½-½ (26) Granda Zuniga,J (2647)-Valerga,D (2485) Mar del Plata 2012}) 4... exf6 5. Nd2 Bd6 6. e4 {D00: 1 d4 d5: Unusual lines} O-O 7. exd5 $146 ({Predecessor:} 7. Bd3 Re8 8. Ne2 Bg4 9. Qc2 dxe4 10. Nxe4 Bxe2 11. Bxe2 Qe7 12. Nxd6 Qxd6 {½-½ (20) Tate,D (1750)-Davies,S (1585) Wetherby 2016}) 7... Re8+ 8. Be2 {Black is slightly better.} cxd5 9. Ngf3 Qe7 10. Kf1 Bf5 11. Nh4 Be6 12. Bd3 g6 13. Qf3 Nd7 14. g3 Bh3+ 15. Kg1 f5 16. Bf1 Bg4 (16... Bxf1 $17 17. Nxf1 Nf6) 17. Qxd5 $11 Nf6 18. Qg2 f4 19. Bb5 Bd7 20. Qf1 Bxb5 21. Qxb5 a6 (21... Qe2 $15 22. Qxe2 Rxe2) 22. Qd3 (22. Qf1 $1 $11) 22... Qe2 $17 23. Qxe2 Rxe2 24. Nhf3 Rae8 {[%mdl 1024] Black has strong compensation.} 25. a4 Bc7 26. Rf1 {[#]} g5 $1 $36 {[%mdl 2560] Black has strong initiative.} 27. Nc4 (27. Nxg5 Rxd2) 27... g4 28. Nfe5 {[#]} (28. Nh4 $17 {was the only chance.}) 28... b5 $1 $19 {[%cal Rb5c4]} ({Inferior is} 28... Bxe5 29. Nxe5 Rxb2 30. h3 $15) 29. axb5 axb5 30. Na3 Bxe5 ({Resist} 30... Rxb2 31. gxf4 Rb3 32. Nc2 $17) 31. dxe5 R8xe5 {Strongly threatening ...f3.} 32. gxf4 Rf5 33. h3 Rxf4 34. Nxb5 Ne4 35. hxg4 (35. Rh2 $17) 35... Rxb2 ({Don't do} 35... Rxg4+ 36. Kh2 $17) 36. Nc7 $2 (36. Nd4 $19) 36... Rxg4+ 37. Kh2 {[#]} Rb6 $1 {Accuracy: White = 47%, Black = 67%.} 0-1

[Event "6th Karoun Masters Cup 2019"]
[Site "Ahvaz"]
[Date "2019.02.24"]
[Round "5.4"]
[White "Asadi, Motahare"]
[Black "Abbasifar, Hasan"]
[Result "0-1"]
[WhiteElo "2077"]
[BlackElo "2401"]
[Annotator "TA"]
[PlyCount "80"]
[EventDate "2019.02.21"]
[EventType "swiss"]
[EventRounds "9"]
[EventCountry "IRI"]
[SourceTitle "playchess.com"]
[Source "ChessBase"]
[SourceQuality "1"]

{[%evp 10,80,69,45,89,89,95,104,104,103,103,97,97,86,85,91,124,89,91,95,87,11,135,98,109,91,114,114,108,96,124,0,0,0,0,-45,-27,-30,-31,-19,-21,-34,-21,-29,-3,-27,0,-12,0,0,12,-8,-8,-8,0,-77,-32,-552,-539,-626,-618,-2079,-825,-773,-758,-29991,-549,-29989,-498,-731,-605,-5398,-4927]} 1. e4 d6 2. d4 g6 3. Nc3 Bg7 4. f4 Nd7 5. Nf3 a6 6. a4 c5 {B06: Modern Defence} (6... e6 7. a5 Ne7 8. Be2 O-O 9. O-O b5 10. axb6 cxb6 11. Bd3 Bb7 12. Ne2 e5 13. c3 d5 14. Nxe5 dxe4 {½-½ (24) Dastan,B (2480)-Sanal,V (2478) Izmir 2016}) 7. d5 Qa5 8. Bd2 Qc7 {White is better.} 9. Be2 Ngf6 10. O-O O-O 11. Kh1 b6 $146 ({Predecessor:} 11... c4 12. Be3 Nc5 13. e5 {1-0 (38) Hausmann,I (2100)-Borriss,C (2130) Halle 1996}) 12. Bc4 Ne8 13. Qe2 Qb8 14. Rae1 Nc7 15. e5 (15. Bd3 $16) 15... Ra7 (15... b5 $1 $11 16. axb5 Nb6) 16. Ng5 b5 17. axb5 axb5 18. Nxb5 Nxb5 19. Bxb5 {Threatens to win with e6.} dxe5 20. Bxd7 (20. c4 $16) 20... Rxd7 $11 21. fxe5 {Black must now prevent e6.} Rxd5 22. Bc3 Qb7 23. Qf3 h6 24. Ne4 Qc6 25. Qf4 Bb7 26. Rf2 Rdd8 27. Qh4 Rde8 28. h3 Bc8 29. Bd2 g5 30. Qg3 f5 $36 {[%mdl 2048] Black fights for an advantage.} 31. exf6 $1 exf6 32. Qf3 (32. Nd6 $11 {keeps the balance.} Rxe1+ 33. Bxe1) 32... Bb7 {[%cal Re8e4]} (32... Bd7 $5 {[%cal Rf6f5]} 33. Ng3 Rxe1+ 34. Bxe1 Qxf3 35. Rxf3 f5 $17) 33. Qb3+ $2 {[%mdl 8192]} ({White should try} 33. Nd6 $15 Qxf3 34. gxf3 Rxe1+ 35. Bxe1) 33... c4 $19 34. Nxf6+ Bxf6 35. Qb4 Rxe1+ (35... Bd4 $142 36. Rxe8 Rxe8) 36. Bxe1 Bg7 {[#] ( -> ...Rxf2)} 37. Re2 Rf7 (37... Rf1+ $142 38. Kh2 {[#]} Be5+ $1 {[%mdl 512]} 39. Bg3 Bxg3+ 40. Kxg3 Qc7+ 41. Qd6 Qxd6+ 42. Kg4 Qd1 43. Kh5 Rf6 44. g4 Qxe2 45. h4 Qe8#) 38. Bg3 Kh7 (38... Rf1+ $142 39. Kh2 Bd4 40. Re8+ Qxe8 41. Qxc4+ Rf7 42. Qb4 Qe4 43. Qxb7 Rxb7 44. b4 Rxb4 45. h4 Be5 46. h5 Bxg3+ 47. Kxg3 Qf4+ 48. Kh3 Qh4#) 39. c3 (39. b3 $142 Rf3 40. Qe1 cxb3 41. cxb3 Rxb3 42. Kh2) 39... h5 {Hoping for ...h4.} 40. Qa5 h4 {Accuracy: White = 40%, Black = 46%.} 0-1

[Event "6th Karoun Masters Cup 2019"]
[Site "Ahvaz"]
[Date "2019.02.24"]
[Round "5.5"]
[White "Gholami Orimi, Mahdi"]
[Black "Hamidi, Amir Mohammad"]
[Result "1/2-1/2"]
[WhiteElo "2375"]
[BlackElo "2203"]
[Annotator "TA"]
[PlyCount "110"]
[EventDate "2019.02.21"]
[EventType "swiss"]
[EventRounds "9"]
[EventCountry "IRI"]
[SourceTitle "playchess.com"]
[Source "ChessBase"]
[SourceQuality "1"]

{[%evp 14,110,8,8,14,-2,0,-28,-20,-18,-18,-24,-22,-25,-9,-6,-1,3,3,-12,-2,-12,0,-7,0,0,0,-55,-56,-39,-35,-34,-30,-27,0,-25,-18,-20,0,0,6,6,0,0,0,0,0,0,28,0,0,0,17,16,23,23,31,0,0,0,0,0,0,0,0,0,0,0,0,0,0,0,0,0,8,8,8,0,0,0,0,0,0,0,0,0,0,0,0,-8,0,0,-2,-6,-6,-6,-6,-7,-7]} 1. d4 Nf6 2. c4 e6 3. Nc3 Bb4 4. e3 O-O 5. Nge2 d5 6. a3 Be7 7. Nf4 dxc4 8. Bxc4 c5 {E46: Nimzo-Indian: Rubinstein: 4 e3 0-0 5 Ne2 without early Bd3} 9. dxc5 (9. d5 e5 10. Nfe2 Ne8 11. b3 Nd6 12. Bb2 Nd7 13. O-O f5 14. Qc2 a6 15. a4 b6 16. f4 {1-0 (33) Hellsten,J (2570)-Brynell,S (2497) Gothenburg 2006}) 9... Qxd1+ 10. Kxd1 Bxc5 {Black has an edge.} 11. Ke2 a6 12. b4 Be7 13. Bb3 Nbd7 {[%cal Bb8d7,Bd7b6,Bb6a4,Ba4b2][%mdl 32]} 14. Bb2 b5 15. f3 $146 ({Predecessor:} 15. Rac1) 15... Bb7 16. e4 Nb6 17. Nd1 a5 18. Nd3 axb4 19. axb4 Na4 20. Ra2 (20. Be5 $11) 20... Nxb2 $15 21. Rxb2 Rfc8 22. Ne3 Ra3 23. Rhb1 Raa8 24. Rc2 Nd7 25. Rbc1 Bd8 26. Rxc8 Rxc8 27. Rxc8 Bxc8 28. Nc2 Ba6 29. Nd4 {And now Nxe6! would win.} Kf8 30. Ne1 e5 31. Nf5 g6 32. Ne3 Nb6 33. Nd3 f6 34. Nc5 Bc8 35. Be6 Bxe6 {The position is equal.} 36. Nxe6+ $11 {[%mdl 4096] Endgame KBN-KNN} Ke7 37. Nc5 Bc7 38. Kd3 Bd6 39. Kc3 h5 40. Kb3 Kd8 41. Nd3 Kd7 42. Nb2 Bc7 43. Nbd1 Bd8 44. Nc3 Kc6 45. Nb1 Be7 46. Na3 Bf8 47. Nd1 Na8 48. Nb1 Nc7 49. Nbc3 Bh6 50. Kc2 Bf8 51. Na2 Na6 52. Kc3 Bh6 53. Nf2 Be3 54. Nd3 Nc7 55. Kc2 Bd4 {Accuracy: White = 69%, Black = 68%.} 1/2-1/2

[Event "6th Karoun Masters Cup 2019"]
[Site "Ahvaz"]
[Date "2019.02.24"]
[Round "5.6"]
[White "Danielyan, Vahe"]
[Black "Sibashvili, Giorgi"]
[Result "1-0"]
[WhiteElo "2186"]
[BlackElo "2420"]
[Annotator "TA"]
[PlyCount "91"]
[EventDate "2019.02.21"]
[EventType "swiss"]
[EventRounds "9"]
[EventCountry "IRI"]
[SourceTitle "playchess.com"]
[Source "ChessBase"]
[SourceQuality "1"]

{[%evp 15,91,0,13,8,6,9,8,17,15,-41,-44,-54,-47,-60,67,68,75,73,44,38,91,91,114,93,190,203,266,268,254,250,264,252,391,398,394,410,402,409,414,406,399,395,385,382,508,378,611,411,638,619,818,643,797,745,833,716,746,758,702,667,1053,1044,1975,1917,1638,1512,2193,2187,2226,2152,2253,2071,2131,1990,29986,29986,29985,29983]} 1. e4 e6 2. d4 d5 3. Nc3 Bb4 4. e5 c5 5. a3 Bxc3+ 6. bxc3 Qa5 7. Bd2 Qa4 8. dxc5 {C18: French: 3 Nc3 Bb4: Main line: 7 h4 and 7 Qg4} Nd7 {LiveBook: 4 Games} 9. Rb1 $146 ({Predecessor:} 9. c4 Ne7 10. cxd5 Nxd5 11. c4 Qxd1+ 12. Rxd1 Ne7 13. Ne2 Nxc5 14. Be3 b6 15. Nc3 Bd7 {½-½ (37) Amonatov,F (2632)-Saravana,K (2345) Mumbai 2017}) 9... Qe4+ 10. Be3 {[%cal Bd2e3,Be3f4,Bf4h2][%mdl 32] The position is equal.} Qxe5 11. Qd4 $1 Ngf6 12. Nf3 (12. Qxe5 $11 Nxe5 13. Bb5+ Nfd7 14. f4) 12... Qc7 $1 $15 13. Bb5 O-O 14. Bf4 e5 ({Black should try} 14... Qxc5 $15 15. Qxc5 Nxc5) 15. Nxe5 $14 Re8 {Strongly threatening ...Nh5.} 16. O-O $36 {[%mdl 2048] White is on the roll.} Rxe5 17. h3 h6 ({Black should play} 17... Kf8 $1 $14) 18. Bh2 $16 a6 {[#]} 19. Bd3 $1 Ne4 (19... Nh7 $16) 20. Rbe1 $18 f6 21. Bxe5 Qxe5 22. f3 ({Less strong is} 22. Bxe4 dxe4 23. Rxe4 Qxc5 $14) 22... Qxd4+ 23. cxd4 Nc3 (23... Nexc5 {was called for.} 24. dxc5 Kf7) 24. Re8+ Kf7 25. Rfe1 {[%csl Ge8][%cal Re1e7]} Ne5 {[#]} 26. Rh8 $1 Nxd3 27. cxd3 Nb5 28. Ree8 Na7 29. g4 Rb8 30. h4 g5 $2 (30... g6 31. Kf2 Kg7) 31. Rd8 Kg7 (31... gxh4 $142 32. Rxh6 Nc6 33. Rxd5 Be6) 32. h5 b5 33. Rdg8+ Kf7 34. Rg6 Nc6 35. Rhxh6 Nxd4 36. Rh7+ Ke6 37. f4 gxf4 38. Rg8 {[%cal Rg8e8]} Ke5 39. Re7+ Ne6 40. h6 b4 41. axb4 Rxb4 42. h7 Rb1+ 43. Kf2 Rb2+ 44. Kf3 Bb7 {[#]} 45. Rxe6+ $1 {[%mdl 512]} Kxe6 46. h8=Q {Precision: White = 88%, Black = 26%.} 1-0

[Event "6th Karoun Masters Cup 2019"]
[Site "Ahvaz"]
[Date "2019.02.25"]
[Round "6.1"]
[White "Lorparizangeneh, Shahin"]
[Black "Danielyan, Vahe"]
[Result "0-1"]
[WhiteElo "2493"]
[BlackElo "2186"]
[Annotator "TA"]
[PlyCount "72"]
[EventDate "2019.02.21"]
[EventType "swiss"]
[EventRounds "9"]
[EventCountry "IRI"]
[SourceTitle "playchess.com"]
[Source "ChessBase"]
[SourceQuality "1"]

{[%evp 21,72,117,108,105,116,114,97,69,74,57,75,34,39,0,0,0,0,0,0,0,0,0,0,0,0,-102,-112,-90,-82,-183,-183,-183,-183,-183,-183,-183,-183,-177,-178,-164,-162,-277,-282,-269,-277,-308,-308,-308,-307,-318,-300,-29994,-439]} 1. d4 Nf6 2. c4 e6 3. Nc3 Bb4 4. Nf3 O-O 5. Qc2 b6 6. e4 Bb7 7. Bd3 d5 8. cxd5 exd5 9. e5 Ne4 10. O-O Bxc3 11. bxc3 {[%cal Bb2c3,Bc3c4,Bc4d5][%mdl 32]} c5 12. Ba3 {E32: Nimzo-Indian: Classical (4 Qc2): 4...0-0} (12. dxc5 bxc5 13. c4 Nc6 14. a3 Nd4 15. Nxd4 cxd4 16. Rb1 Bc6 17. cxd5 Qxd5 18. Bxe4 Qxe4 19. Qxe4 Bxe4 20. Rb4 Rfd8 21. Bb2 Rab8 22. Rxb8 Rxb8 23. Bxd4 a6 24. f3 Bd3 25. Rc1 Rb1 26. Rxb1 Bxb1 {½-½ (26) Gundavaa,B (2503)-Chigaev,M (2549) Pardubice 2016}) 12... Nd7 13. c4 Rc8 {With the idea ...Re8.} 14. cxd5 {White is better.} cxd4 15. Qb2 $146 ({Predecessor:} 15. Qb1 Nc3 16. Bxh7+ Kh8 17. Qf5 Bxd5 18. Qh3 Ne2+ 19. Kh1 Nf4 {1-0 (29) Ochsner,B (2419)-Thogersen,R (2128) Fredericia 2015}) 15... Nc3 $1 16. Bxf8 Nxf8 17. Bf5 (17. e6 $5) 17... Rc5 18. Nxd4 {d6 is the strong threat.} Qxd5 {[%csl Gb7][%cal Rd5g2]} 19. Nf3 g6 20. Bh3 $1 Qc4 21. Rfe1 Bxf3 $1 22. gxf3 Qh4 $1 {[%cal Rh4h3]} 23. Kg2 {[#]} (23. Bf1 $11) 23... Nd5 $1 $17 {[%cal Rd5f4]} 24. Re4 Nf4+ 25. Kh1 (25. Rxf4 $17 {was forced.} Qxf4 26. Re1) 25... Qxh3 $19 {[%csl Gf4][%cal Rh3g2]} 26. Rxf4 Ne6 27. Rf6 Rc4 28. Rg1 ({Avoid the trap} 28. Qb5 $2 Rh4 $19) 28... Rh4 $40 {[%csl Gh4][%cal Rh3h2][%mdl 128] Black goes for the king.} 29. Rg2 {And now Qb5 would win.} Nf4 30. Rxf4 Rxf4 {[%mdl 4096] Endgame KQR-KQR} 31. Kg1 (31. Rg3 $142 Qf1+ 32. Rg1) 31... Qxf3 {[%cal Rf3d1]} 32. Qd2 Qe4 {( -> ...Qb1+)} 33. Rg5 h6 34. Rg3 Qxe5 35. a3 Kg7 36. Qd7 $2 {[#]} (36. Kg2 $19) 36... Qe1+ {[%mdl 64] Double Attack. Accuracy: White = 51%, Black = 100%.} 0-1